UITU Library & LRC     

Antenna Positoning System hrough Android (Record no. 33594)

MARC details
000 -LEADER
fixed length control field 00482nam a2200133Ia 4500
008 - FIXED-LENGTH DATA ELEMENTS--GENERAL INFORMATION
fixed length control field 260210s9999 xx 000 0 und d
024 ## - OTHER STANDARD IDENTIFIER
Standard number or code 15B-42-EL, 15B-46-EL, 15B-63-EL, 15B-63-EL & 15B-99-EL
082 ## - DEWEY DECIMAL CLASSIFICATION NUMBER
Classification number 621.01072 GHA
100 ## - MAIN ENTRY--PERSONAL NAME
Personal name Ghazala Khan, Hamna Khalid, Noman Hussain & Muhammad Ashar
245 #0 - TITLE STATEMENT
Title Antenna Positoning System hrough Android
260 ## - PUBLICATION, DISTRIBUTION, ETC.
Place of publication, distribution, etc. Karachi:
Name of publisher, distributor, etc. UITU,
Date of publication, distribution, etc. 2015
600 ## - SUBJECT ADDED ENTRY--PERSONAL NAME
Personal name Telecommunication Engineering
650 ## - SUBJECT ADDED ENTRY--TOPICAL TERM
Topical term or geographic name entry element Bachelor of Engineering (BE)

No items available.

Powered by Koha